[Event "Bucharest Firescu Memorial (Women)"]
[Site "Bucharest"]
[Date "2023.12.16"]
[Round "3"]
[White "Sava, Ana Maria"]
[Black "Dobre, Ana Margareta Alexa"]
[Result "1-0"]
[WhiteElo "1916"]
[BlackElo "1857"]
[PlyCount "65"]
[EventDate "2023.12.16"]
[EventType "tourn (rapid)"]
[EventRounds "9"]
[EventCountry "ROU"]
[SourceTitle "CBM 217 Extra"]
[Source "ChessBase"]
[SourceDate "2024.01.31"]
[SourceVersion "1"]
[SourceVersionDate "2024.01.31"]
[SourceQuality "1"]

1. e4 c5 2. d4 cxd4 3. Qxd4 Nc6 4. Qe3 Nf6 5. Nc3 d6 6. Bd2 g6 7. 0-0-0 Bg7 8. f4 0-0 9. Bd3 a6 10. Nf3 b5 11. Nd5 Be6 12. Nxf6+ Bxf6 13. Kb1 b4 14. f5 Bd7 15. g4 Qa5 16. h4 Rfc8 17. h5 Ne5 18. hxg6 Nxf3 19. gxf7+ Kf8 20. Qxf3 Qe5 21. Bc1 Bb5 22. g5 Bxd3 23. Rxd3 Bg7 24. Rd5 Rc3 25. bxc3 Qxc3 26. Qxc3 bxc3 27. g6 hxg6 28. fxg6 Rb8+ 29. Ka1 Rb4 30. Bh6 Rxe4 31. Bxg7+ Kxg7 32. Rdh5 Rf4 33. Rh8 1-0

[Event "Sebes Romanian Rapid op"]
[Site "Sebes"]
[Date "2022.12.02"]
[Round "7"]
[White "Dobre, Ana Margareta Alexa"]
[Black "Santimbrean, Mihnea Nicolae"]
[Result "1-0"]
[WhiteElo "1857"]
[BlackElo "1531"]
[PlyCount "115"]
[EventDate "2022.12.02"]
[EventType "swiss (rapid)"]
[EventRounds "8"]
[EventCountry "ROU"]
[SourceTitle "CBM 211 Extra"]
[Source "ChessBase"]
[SourceDate "2023.01.31"]
[SourceVersion "1"]
[SourceVersionDate "2023.01.31"]
[SourceQuality "1"]

1. e4 e6 2. d4 d5 3. Nd2 Nf6 4. e5 Nfd7 5. c3 c5 6. Bd3 Qb6 7. Ne2 Nc6 8. Nf3 cxd4 9. cxd4 Bb4+ 10. Bd2 Bxd2+ 11. Qxd2 Qb4 12. 0-0 Qxd2 13. Nxd2 0-0 14. a3 f6 15. f4 f5 16. b4 Nb6 17. Rac1 Bd7 18. Nb3 a6 19. Nc5 Rab8 20. Nxd7 Nxd7 21. Bxa6 Nxb4 22. Bb5 Nc6 23. Bxc6 bxc6 24. Rxc6 Rb6 25. Rfc1 Rxc6 26. Rxc6 Kf7 27. Rc7 Ke7 28. Nc3 Ra8 29. a4 Kd8 30. Rc6 Ke7 31. Kf2 Ra7 32. Ke3 h6 33. h4 Nb8 34. Rc8 Nd7 35. Rc6 Nb8 36. Rb6 Nd7 37. Rb5 Rc7 38. Kd3 Rc6 39. a5 Ra6 40. Na4 Kd8 41. Nc5 Nxc5+ 42. Rxc5 Kd7 43. Kc3 Ra8 44. Kb4 Rb8+ 45. Rb5 Rc8 46. Rc5 Ra8 47. Kb5 Rb8+ 48. Ka6 Rb4 49. Rb5 Rxd4 50. Kb7 Rc4 51. a6 Rc7+ 52. Kb6 Rc6+ 53. Ka5 Rc7 54. Rb6 Ra7 55. Rd6+ Ke7 56. Kb6 Ra8 57. Kb7 Rf8 58. a7 1-0

[Event "ROM-ch Rapid (Women)"]
[Site "Bucharest"]
[Date "2022.03.12"]
[Round "6"]
[White "Cosma, Elena Luminita"]
[Black "Dobre, Ana Margareta Alexa"]
[Result "1-0"]
[WhiteElo "2281"]
[BlackElo "1857"]
[PlyCount "66"]
[EventDate "2022.03.11"]
[EventType "swiss (rapid)"]
[EventRounds "9"]
[EventCountry "ROU"]
[SourceTitle "CBM 207 Extra"]
[Source "ChessBase"]
[SourceDate "2022.05.31"]
[SourceVersion "1"]
[SourceVersionDate "2022.05.31"]
[SourceQuality "1"]

1. d4 Nf6 2. Nf3 e6 3. g3 c5 4. Bg2 d5 5. 0-0 Nc6 6. c4 Be7 7. cxd5 Nxd5 8. dxc5 Bxc5 9. a3 a5 10. Qc2 Be7 11. e4 Nf6 12. Nc3 0-0 13. Rd1 Qc7 14. Bf4 e5 15. Bg5 Bg4 16. Bxf6 Bxf3 17. Nd5 Bxd1 18. Rxd1 Qb8 19. Nxe7+ Nxe7 20. Bxe7 Re8 21. Bd6 Qa7 22. Bc5 b6 23. Be3 Rac8 24. Qb3 a4 25. Qxb6 Qxb6 26. Bxb6 Rc2 27. Bh3 Rxb2 28. Bc5 Re2 29. Bd7 Rd8 30. Be7 Rb8 31. Bc6 f6 32. Bb4 Rc8 33. Kf1 Ra2 1-0

[Event "ROM-chT (Women)"]
[Site "Calimanesti Caciulata"]
[Date "2016.11.21"]
[Round "1.2"]
[White "Stanciu, Ioana Georgiana"]
[Black "Dobre, Ana Margareta Alexa"]
[Result "1/2-1/2"]
[WhiteElo "2032"]
[BlackElo "1956"]
[PlyCount "65"]
[EventDate "2016.11.21"]
[EventType "team-tourn"]
[EventRounds "7"]
[EventCountry "ROU"]
[SourceTitle "EXT 2018"]
[Source "ChessBase"]
[SourceDate "2017.10.13"]
[SourceVersion "1"]
[SourceVersionDate "2017.10.13"]
[SourceQuality "1"]
[WhiteTeam "Arad University (W)"]
[BlackTeam "Bucharest CC Central (W)"]
[WhiteTeamCountry "ROU"]
[BlackTeamCountry "ROU"]

1. e4 c6 2. d4 d5 3. e5 c5 4. dxc5 Nc6 5. Nf3 e6 6. a3 Bxc5 7. b4 Bb6 8. Nc3 a6 9. Bd3 Nxe5 10. Nxe5 Qc7 11. 0-0 Qxe5 12. Bb2 Nf6 13. Na4 Qd6 14. Nxb6 Qxb6 15. Qf3 Qd8 16. Rfe1 0-0 17. Re5 Kh8 18. Qh3 h6 19. Rae1 Ng8 20. Rh5 f6 21. Qg3 e5 22. f3 Qe8 23. Bg6 Qc6 24. Bc1 Be6 25. Qh4 Qc4 26. f4 Bf7 27. Qg3 Bxg6 28. Qxg6 exf4 29. Rh4 Qd4+ 30. Kf1 Qc4+ 31. Kg1 Qd4+ 32. Kf1 Qc4+ 33. Kg1 1/2-1/2

[Event "ROM-chT (Women)"]
[Site "Mamaia"]
[Date "2015.10.08"]
[Round "6.1"]
[White "Dragomirescu, Angela"]
[Black "Dobre, Ana Margareta Alexa"]
[Result "1-0"]
[WhiteElo "2198"]
[BlackElo "1977"]
[PlyCount "47"]
[EventDate "2015.10.03"]
[EventType "team-tourn"]
[EventRounds "9"]
[EventCountry "ROU"]
[SourceTitle "CBM 168 Extra"]
[Source "ChessBase"]
[SourceDate "2015.10.29"]
[SourceVersion "1"]
[SourceVersionDate "2015.10.29"]
[SourceQuality "1"]
[WhiteTeam "Timisoara Medicina (W)"]
[BlackTeam "Bucharest Central CC (W)"]
[WhiteTeamCountry "ROU"]
[BlackTeamCountry "ROU"]

1. d4 d5 2. c4 e6 3. Qc2 dxc4 4. Qxc4 Nf6 5. Nf3 a6 6. Qc2 Nbd7 7. g3 c5 8. Bg2 cxd4 9. Nxd4 Bc5 10. Nb3 Bd6 11. 0-0 0-0 12. Rd1 Qe7 13. N1d2 Nc5 14. Nc4 Nxb3 15. Qxb3 Bc7 16. Bd2 Nd5 17. e4 b5 18. Na5 b4 19. Nc6 Qf6 20. exd5 exd5 21. Bxb4 Re8 22. Qxd5 Be6 23. Qd4 Qg6 24. Ne7+ 1-0

[Event "ROM-chT (Women)"]
[Site "Mamaia"]
[Date "2015.10.05"]
[Round "3.4"]
[White "Vasile, Teodora"]
[Black "Dobre, Ana Margareta Alexa"]
[Result "1-0"]
[WhiteElo "1940"]
[BlackElo "1977"]
[PlyCount "45"]
[EventDate "2015.10.03"]
[EventType "team-tourn"]
[EventRounds "9"]
[EventCountry "ROU"]
[SourceTitle "CBM 168 Extra"]
[Source "ChessBase"]
[SourceDate "2015.10.29"]
[SourceVersion "1"]
[SourceVersionDate "2015.10.29"]
[SourceQuality "1"]
[WhiteTeam "Galati Smart (W)"]
[BlackTeam "Bucharest Central CC (W)"]
[WhiteTeamCountry "ROU"]
[BlackTeamCountry "ROU"]

1. e4 d5 2. exd5 Nf6 3. Bb5+ Bd7 4. Bxd7+ Nbxd7 5. c4 c6 6. dxc6 Ne5 7. d4 Nxc6 8. d5 Ne5 9. Qe2 Qc7 10. Bf4 Nd3+ 11. Qxd3 Qxf4 12. Ne2 Qh4 13. Qd4 Qxd4 14. Nxd4 0-0-0 15. Nb5 e6 16. Nxa7+ Kb8 17. Nb5 Bb4+ 18. N1c3 exd5 19. 0-0-0 dxc4 20. f3 Kc8 21. Rhe1 Rhe8 22. Rxe8 Nxe8 23. Na7+ 1-0

[Event "ROM-chT (Women)"]
[Site "Mamaia"]
[Date "2015.10.04"]
[Round "2.1"]
[White "Dobre, Ana Margareta Alexa"]
[Black "Lolici, Iselin Amanda"]
[Result "1/2-1/2"]
[WhiteElo "1977"]
[BlackElo "1932"]
[PlyCount "91"]
[EventDate "2015.10.03"]
[EventType "team-tourn"]
[EventRounds "9"]
[EventCountry "ROU"]
[SourceTitle "CBM 168 Extra"]
[Source "ChessBase"]
[SourceDate "2015.10.29"]
[SourceVersion "1"]
[SourceVersionDate "2015.10.29"]
[SourceQuality "1"]
[WhiteTeam "Bucharest Central CC (W)"]
[BlackTeam "Lugoj CSM (W)"]
[WhiteTeamCountry "ROU"]
[BlackTeamCountry "ROU"]

1. e4 c5 2. Nf3 Nc6 3. d4 cxd4 4. Nxd4 Nf6 5. Nc3 g6 6. Be3 Bg7 7. Bc4 0-0 8. Bb3 a5 9. f3 a4 10. Bxa4 d5 11. Nxc6 bxc6 12. Bxc6 Rb8 13. 0-0 dxe4 14. Nxe4 Rxb2 15. Bd4 Nxe4 16. Bxg7 Kxg7 17. Bxe4 Qb6+ 18. Kh1 Rd8 19. Qe1 Ba6 20. Qc3+ Qd4 21. Qxd4+ Rxd4 22. Rfb1 Rxb1+ 23. Rxb1 f5 24. Bd3 Bxd3 25. cxd3 Rxd3 26. Kg1 Ra3 27. Ra1 e5 28. Kf2 Kf6 29. Ke2 g5 30. Kd2 h5 31. Kc2 g4 32. Kb2 Re3 33. fxg4 Re2+ 34. Kc3 hxg4 35. h3 Rxg2 36. hxg4 Rxg4 37. a4 Rg8 38. a5 f4 39. a6 Kf5 40. a7 Ra8 41. Kd3 e4+ 42. Ke2 Kg4 43. Rg1+ Kf5 44. Ra1 Kg4 45. Rg1+ Kf5 46. Ra1 1/2-1/2

[Event "ROM-chT (Women)"]
[Site "Calimanesti"]
[Date "2014.11.14"]
[Round "7.3"]
[White "Lolici, Iselin Amanda"]
[Black "Dobre, Ana Margareta Alexa"]
[Result "0-1"]
[WhiteElo "1946"]
[BlackElo "1967"]
[PlyCount "58"]
[EventDate "2014.11.08"]
[EventType "team-tourn"]
[EventRounds "7"]
[EventCountry "ROU"]
[SourceTitle "EXT 2015"]
[Source "ChessBase"]
[SourceDate "2014.11.20"]
[SourceVersion "1"]
[SourceVersionDate "2014.11.20"]
[SourceQuality "1"]
[WhiteTeam "Lugoj (W)"]
[BlackTeam "Bucharest CC Central (W)"]
[WhiteTeamCountry "ROU"]
[BlackTeamCountry "ROU"]

1. c4 g6 2. g3 Bg7 3. Bg2 d6 4. Nc3 e5 5. e3 Ne7 6. Nge2 0-0 7. 0-0 c6 8. d4 Qc7 9. b4 a5 10. b5 exd4 11. exd4 Be6 12. Qa4 Nd7 13. bxc6 bxc6 14. c5 dxc5 15. Bf4 Qa7 16. dxc5 Nxc5 17. Qa3 Nd5 18. Bd6 Nd3 19. Bxf8 Bxf8 20. Qa4 N5b4 21. a3 Nb2 22. axb4 Nxa4 23. Rxa4 Bxb4 24. Rb1 Rb8 25. Bxc6 Qc7 26. Nd5 Bxd5 27. Bxd5 Qc2 28. Nc3 Rd8 29. Rd1 Bxc3 0-1

[Event "ROM-chT (Women)"]
[Site "Calimanesti"]
[Date "2014.11.12"]
[Round "5.2"]
[White "Dragomirescu, Angela"]
[Black "Dobre, Ana Margareta Alexa"]
[Result "0-1"]
[WhiteElo "2208"]
[BlackElo "1967"]
[PlyCount "130"]
[EventDate "2014.11.08"]
[EventType "team-tourn"]
[EventRounds "7"]
[EventCountry "ROU"]
[SourceTitle "EXT 2015"]
[Source "ChessBase"]
[SourceDate "2014.11.20"]
[SourceVersion "1"]
[SourceVersionDate "2014.11.20"]
[SourceQuality "1"]
[WhiteTeam "Timisoara Medicina (W)"]
[BlackTeam "Bucharest CC Central (W)"]
[WhiteTeamCountry "ROU"]
[BlackTeamCountry "ROU"]

1. d4 d5 2. Nf3 Nf6 3. e3 Bf5 4. c4 e6 5. Qb3 Qc8 6. Nc3 dxc4 7. Bxc4 Nbd7 8. 0-0 Be7 9. Re1 Nb6 10. e4 Bg4 11. Be2 0-0 12. Be3 c5 13. Rac1 cxd4 14. Bxd4 Qd8 15. Red1 Nbd7 16. Bxf6 Bxf6 17. Bb5 Bxf3 18. Rxd7 Qa5 19. gxf3 a6 20. Rxb7 axb5 21. Rxb5 Qc7 22. Ne2 Qd7 23. a3 Qd2 24. Qc2 Qh6 25. Ng3 Rfd8 26. Rc5 Bd4 27. Rc4 g6 28. Kg2 Bb6 29. a4 Rd2 30. Rc8+ Rxc8 31. Qxc8+ Kg7 32. Rc2 Rxf2+ 33. Rxf2 Bxf2 34. Qc3+ Kg8 35. Qc8+ Kg7 36. Qc3+ Kg8 37. b4 Be3 38. Qc8+ Kg7 39. Qc3+ Kg8 40. b5 Qf4 41. Qc8+ Kg7 42. Qc3+ Kg8 43. a5 h5 44. b6 h4 45. Qc7 Qf6 46. e5 Qg5 47. b7 Ba7 48. b8Q+ Bxb8 49. Qxb8+ Kg7 50. Qb2 hxg3 51. hxg3 Qd8 52. Qa2 Qa8 53. a6 Qa7 54. Qa4 Kg8 55. Kh3 Kg7 56. Qb5 Qg1 57. Qa5 Qa7 58. Kg2 Kh7 59. g4 Kg7 60. Qb5 Qe3 61. Qb7 Qe2+ 62. Kg3 Qe1+ 63. Kf4 g5+ 64. Kxg5 Qxe5+ 65. Kh4 Qh2+ 0-1

[Event "ROM-chT (Women)"]
[Site "Calimanesti"]
[Date "2014.11.08"]
[Round "1.2"]
[White "Dobre, Ana Margareta Alexa"]
[Black "Ionescu, Irina"]
[Result "0-1"]
[WhiteElo "1967"]
[BlackElo "2133"]
[PlyCount "145"]
[EventDate "2014.11.08"]
[EventType "team-tourn"]
[EventRounds "7"]
[EventCountry "ROU"]
[SourceTitle "EXT 2015"]
[Source "ChessBase"]
[SourceDate "2014.11.20"]
[SourceVersion "1"]
[SourceVersionDate "2014.11.20"]
[SourceQuality "1"]
[WhiteTeam "Bucharest CC Central (W)"]
[BlackTeam "Bucharest CSM (W)"]
[WhiteTeamCountry "ROU"]
[BlackTeamCountry "ROU"]

1. e4 g6 2. d3 Bg7 3. g3 d5 4. Nd2 c5 5. Bg2 dxe4 6. dxe4 Nc6 7. Ne2 Nf6 8. 0-0 0-0 9. c3 e5 10. Qc2 Be6 11. f4 c4 12. Kh1 Qd3 13. Qxd3 cxd3 14. Ng1 Rad8 15. Nh3 Rfe8 16. Nf2 exf4 17. gxf4 Nh5 18. Nf3 f5 19. e5 Bh6 20. Nh3 Bd5 21. Bd2 Rd7 22. b3 Nd8 23. Nfg5 Ne6 24. Bxd5 Rxd5 25. Nxe6 Rxe6 26. Rad1 Ra6 27. a4 Rb6 28. b4 Rc6 29. Rf3 Rc4 30. Re1 Re4 31. Ref1 Kf7 32. Rd1 Rc4 33. Kg2 a5 34. bxa5 Rxa4 35. Rb1 Rd7 36. Rb6 Re4 37. Nf2 Re2 38. Kf1 Ng7 39. Rxd3 Rxd2 40. Rxd2 Rxd2 41. Rxb7+ Ke6 42. a6 Ra2 43. Nd3 Ra1+ 44. Kf2 Kd5 45. Ke3 g5 46. c4+ Kxc4 47. Rc7+ Kb5 48. a7 gxf4+ 49. Ke2 Ne6 50. Rxh7 f3+ 51. Kf2 Ra2+ 52. Kg3 Be3 53. Rb7+ Kc4 54. Nb2+ Kd5 55. Kxf3 Bxa7 56. Nd3 Ra3 57. Ke2 Ke4 58. Nb4 Nf4+ 59. Kd1 Bc5 60. Nc2 Rd3+ 61. Kc1 Kxe5 62. Rh7 Ne2+ 63. Kb2 Rd2 64. Kb1 f4 65. Rh5+ Kd6 66. Rh6+ Kd5 67. Rf6 Kc4 68. Rc6 Nc3+ 69. Kb2 Nd5 70. h4 Rh2 71. h5 Rxh5 72. Ne1 Rh2+ 73. Kc1 0-1